| 000 | 00342nam a22001457a 4500 | ||
|---|---|---|---|
| 008 | 221107b ||||| |||| 00| 0 eng d | ||
| 020 | _a2740370308594 | ||
| 041 | _aeng | ||
| 080 |
_2NINTH EDITION _a61 |
||
| 082 | _a61 TOW | ||
| 100 | _a4 | ||
| 101 | _aMJK | ||
| 245 |
_aUNDERSTANDING CHILD ABUSE AND NEGLECT _cTOWER C C |
||
| 942 |
_2udc _cBK |
||
| 999 |
_c58774 _d58774 |
||